Прочность и устойчивость подземных трубопроводов

Dettagli Bibliografici
Autore principale: Азметов Х. А. Хасан Ахметзиевич
Altri autori: Матлашов И. А. Иван Андреевич, Гумеров А. Г. Асгат Галимьянович
Riassunto:Рассмотрены основные принципы и методы расчета подземных трубопроводов на прочность и устойчивость. Приведены материалы по расчетам напряжений и перемещений подземных трубопроводов на сложных участках. Даны способы снижения высоких напряжений до нормативного уровня. Большое внимание уделено прочности и устойчивости трубопроводов при их капитальном ремонте.
Lingua:russo
Pubblicazione: СПб., Недра, 2005
Soggetti:
Natura: MixedMaterials Libro
KOHA link:https://koha.lib.tpu.ru/cgi-bin/koha/opac-detail.pl?biblionumber=158870

MARC

LEADER 00000nam0a2200000 4500
001 158870
005 20231101222052.0
010 |a 5940890687 
035 |a (RuTPU)RU\TPU\book\172302 
090 |a 158870 
100 |a 20090429d2005 km y0rusy50 ca 
101 0 |a rus 
102 |a RU 
105 |a a z 001zy 
200 1 |a Прочность и устойчивость подземных трубопроводов  |f Х. А. Азметов, И. А. Матлашов, А. Г. Гумеров 
210 |a СПб.  |c Недра  |d 2005 
215 |a 248 с.  |c ил. 
320 |a Библиогр.: с. 247. 
330 |a Рассмотрены основные принципы и методы расчета подземных трубопроводов на прочность и устойчивость. Приведены материалы по расчетам напряжений и перемещений подземных трубопроводов на сложных участках. Даны способы снижения высоких напряжений до нормативного уровня. Большое внимание уделено прочности и устойчивости трубопроводов при их капитальном ремонте. 
606 1 |a Трубопроводы подземные  |x Устойчивость  |2 stltpush  |3 (RuTPU)RU\TPU\subj\61848  |9 79011 
610 1 |a подземные трубопроводы 
610 1 |a прочность 
610 1 |a расчет 
610 1 |a криволинейные участки 
610 1 |a перемещения 
610 1 |a напряжения 
610 1 |a сложные участки 
610 1 |a несущая способность 
610 1 |a капитальный ремонт 
610 1 |a трубопроводный транспорт 
610 1 |a нефть 
610 1 |a газ 
675 |a 622.692.4  |v 3 
700 1 |a Азметов  |b Х. А.  |g Хасан Ахметзиевич 
701 1 |a Матлашов  |b И. А.  |g Иван Андреевич 
701 1 |a Гумеров  |b А. Г.  |g Асгат Галимьянович 
801 1 |a RU  |b 63413507  |c 20090429  |g PSBO 
801 2 |a RU  |b 63413507  |c 20150720  |g RCR 
942 |c BK 
959 |a 56/20090428  |d 7  |e 800,00  |f АНЛ:1  |f ЧЗТЛ:1  |f УФ:5